|
|
|
|
| LEADER |
00000nam0a2200000 4500 |
| 001 |
303496 |
| 005 |
20231102001617.0 |
| 020 |
|
|
|a RU
|b 83-23142
|
| 035 |
|
|
|a (RuTPU)RU\TPU\book\328719
|
| 090 |
|
|
|a 303496
|
| 100 |
|
|
|a 20150902d1983 km y0rusy5003 ca
|
| 101 |
0 |
|
|a rus
|
| 102 |
|
|
|a RU
|
| 105 |
|
|
|a y z 001zy
|
| 200 |
1 |
|
|a Актуальные вопросы методологии современного искусствознания
|e [сборник статей]
|f Всесоюзный научно-исследовательский институт искусствознания (ВНИИИ) ; отв. ред. А. Я. Зись
|
| 210 |
|
|
|a Москва
|c Наука
|d 1983
|
| 215 |
|
|
|a 368 с.
|
| 320 |
|
|
|a Библиография в ссылках.
|
| 606 |
1 |
|
|a Искусствоведение
|2 stltpush
|3 (RuTPU)RU\TPU\subj\13198
|9 39849
|
| 610 |
1 |
|
|a методология
|
| 610 |
1 |
|
|a искусство
|
| 610 |
1 |
|
|a изучение
|
| 610 |
1 |
|
|a СССР
|
| 610 |
1 |
|
|a 20 век
|
| 610 |
1 |
|
|a художественное мышление
|
| 610 |
1 |
|
|a системный анализ
|
| 610 |
1 |
|
|a исторический анализ
|
| 610 |
1 |
|
|a художественное творчество
|
| 610 |
1 |
|
|a психология
|
| 610 |
1 |
|
|a художественная критика
|
| 610 |
1 |
|
|a эстетическое сознание
|
| 610 |
1 |
|
|a семиотика
|
| 675 |
|
|
|a 7.072
|z rus
|v 3
|
| 702 |
|
1 |
|a Зись
|b А. Я.
|g Авнер Яковлевич
|4 340
|
| 712 |
0 |
2 |
|a Всесоюзный научно-исследовательский институт искусствознания (ВНИИИ)
|c (1961-1991)
|c (Москва)
|2 stltpush
|3 (RuTPU)RU\TPU\col\9567
|
| 801 |
|
0 |
|a RU
|b RuMRKP
|c 19950704
|g psbo
|
| 801 |
|
1 |
|a RU
|b 63413507
|c 20150902
|
| 801 |
|
2 |
|a RU
|b 63413507
|c 20190625
|g RCR
|
| 942 |
|
|
|c BK
|